[Event "RUS-chT 13th"]
[Site "Sochi"]
[Date "2006.04.25"]
[Round "6"]
[White "Khalifman, Alexander"]
[Black "Timofeev, Artyom"]
[Result "0-1"]
[WhiteElo "2640"]
[BlackElo "2646"]
[PlyCount "76"]
[EventDate "2006.04.20"]
[EventType "team-tourn"]
[EventRounds "11"]
[EventCountry "RUS"]
[SourceTitle "EXT 2020"]
[Source "ChessBase"]
[SourceDate "2019.10.17"]
[SourceVersion "1"]
[SourceVersionDate "2019.10.17"]
[SourceQuality "1"]
[WhiteTeam "Samara Termosteps"]
[BlackTeam "Kazan Ladya"]
[WhiteTeamCountry "RUS"]
[BlackTeamCountry "RUS"]

1. d4 d5 2. c4 e6 3. Nf3 c6 4. g3 dxc4 5. Bg2 b5 6. O-O Bb7 7. a4 Nd7 8. Nc3 a6 9. Ne5 ({RR} 9. e4 Ngf6 10. Re1 Be7 11. e5 Nd5 12. Ne4 Qb6 13. a5 Qc7 14. Bg5 Bf8 15. Qc2 c5 16. Rad1 cxd4 17. Nxd4 Nxe5 18. f4 Nd3 19. Rxd3 cxd3 20. Qxd3 Bb4 21. Rd1 O-O 22. f5 e5 23. f6 g6 {Pankiv,M (2296)-McCormick,C (2059) chess.com INT 2026 0-1 (42)}) ({RR} 9. e4 b4 10. Nb1 Ngf6 11. Re1 Be7 12. Nbd2 c5 13. e5 Nd5 14. Nxc4 O-O 15. h4 h6 16. a5 Rc8 17. Ne3 Nxe3 18. Bxe3 c4 19. Nd2 Bxg2 20. Kxg2 f5 21. Qe2 Qc7 22. Rec1 Qb7+ 23. Kg1 c3 {Ivlev,A (2326)-Timofeev,A (2580) Sochi 2018 0-1 (33)}) 9... Qc8 10. Bf4 ({RR} 10. Ne4 Ngf6 11. Nxf7 Kxf7 12. Ng5+ Kg8 13. Bh3 g6 14. e4 h6 15. Bxe6+ Kg7 16. e5 Nd5 17. Qf3 Qe8 18. Bf7 hxg5 19. Bxe8 Rxe8 20. axb5 cxb5 21. Rxa6 Bxa6 22. Qxd5 Bc8 23. Bxg5 Be7 24. f4 Rhf8 {Grischuk,A (2716)-Timofeev,A (2664) Dagomys 2008 1-0 (41)}) 10... Ngf6 11. e4 $146 ({RR} 11. Qc2 Be7 12. Ne4 Nxe4 13. Bxe4 Nf6 14. Bg2 O-O 15. b3 cxb3 16. Qxb3 c5 17. axb5 Bxg2 18. Kxg2 Qb7+ 19. Qf3 Nd5 20. bxa6 Rxa6 21. Rxa6 Qxa6 22. dxc5 Bxc5 23. Nd3 Be7 24. Be5 f6 25. Ra1 Qb6 {Virovlansky,S (2432)-Sengupta,D (2548) Golden Sands 2013 ½-½ (74)}) ({RR} 11. Rc1 Be7 12. e4 O-O 13. Qe2 Nxe5 14. Bxe5 Nd7 15. Bf4 c5 16. d5 e5 17. Bd2 b4 18. Nd1 a5 19. Ne3 Nb6 20. Nf5 Bf6 21. f4 Qd8 22. fxe5 Bxe5 23. Qg4 Bc8 24. Bg5 f6 25. Bh6 g6 {Kopriva,M (2095)-Hrbek,S (2234) Ceske Budejovice 2021 0-1 (37)}) 11... Bb4 12. g4 O-O 13. g5 Nxe5 14. Bxe5 Nd7 15. Bg3 Rd8 16. Qh5 g6 17. Qh4 Bf8 18. e5 b4 19. Ne4 c5 20. dxc5 Bxc5 21. Rac1 Bd5 22. Nd6 Bxd6 23. exd6 Bxg2 24. Kxg2 Qc6+ 25. Kg1 Rdc8 26. Rfe1 a5 27. Re4 c3 28. bxc3 b3 29. c4 Qxa4 30. Rf4 b2 31. Rf1 Ne5 32. Qxh7+ Kxh7 33. Rh4+ Kg8 34. Bxe5 f6 35. Bxf6 e5 36. Bxe5 Rxc4 37. Rh8+ Kf7 38. Rxa8 Rc1 0-1

[Event "Tata Steel-A 77th"]
[Site "Wijk aan Zee"]
[Date "2015.01.23"]
[Round "11"]
[White "Aronian, Levon"]
[Black "Ivanchuk, Vassily"]
[Result "1/2-1/2"]
[WhiteElo "2797"]
[BlackElo "2715"]
[PlyCount "75"]
[EventDate "2015.01.10"]
[EventType "tourn"]
[EventRounds "13"]
[EventCountry "NED"]
[EventCategory "20"]
[SourceTitle "CBM 165"]
[Source "ChessBase"]
[SourceDate "2015.03.11"]
[SourceVersion "1"]
[SourceVersionDate "2015.03.11"]
[SourceQuality "1"]

1. d4 {Ftacnik,Lubomir} d5 2. c4 c6 3. Nf3 e6 4. Qc2 Nf6 5. Nbd2 Nbd7 6. g3 ({RR} 6. e4 dxe4 7. Nxe4 Nxe4 8. Qxe4 Bb4+) 6... b6 ({RR} 6... b5) 7. Bg2 Bb7 8. O-O c5 ({RR} 8... Be7 9. Rd1 O-O 10. e4 Rc8 11. e5 Ne8 12. cxd5 cxd5 13. Qd3 Qc7 14. Qe2 Nb8 15. Ne1 Ba6 16. Qg4 Qd7 17. Ndf3 Nc6 18. Be3 f5 19. exf6 Nxf6 20. Qh3 Bd6 21. a3 Ne4 22. Nd3 Qf7 23. Rac1 {Ponkratov,P (2604)-Timofeev,A (2555) Khanty-Mansiysk 2015 ½-½ (55)}) ({RR} 8... Be7 9. e4) 9. cxd5 Nxd5 10. Nc4 $146 ({RR} 10. Qd1 Rc8 11. a3 Be7 12. Re1 cxd4 13. Nxd4 O-O 14. N2f3 e5 15. Nf5 Bc5 16. b4 Nc3 17. Qb3 Bd5 18. Qb2 Be7 19. Nxe7+ Qxe7 20. Qd2 Nf6 21. Bb2 Nce4 22. Qd1 Rfd8 23. Rc1 Rxc1 24. Qxc1 Ng4 {Chmielewski,T (2085)-Michalski,K (2085) Sopot 1997 ½-½ (41)}) ({RR} 10. a3 Rc8 11. Qa4 a6 12. e4 b5 13. Qd1 N5f6 14. Re1 cxd4 15. Nxd4 Qb6 16. N2b3 Ne5 17. Be3 Nc4 18. Bg5 Nd7 19. Qe2 h6 20. Bc1 Be7 21. e5 Bxg2 22. Kxg2 Ndxe5 23. Bf4 Ng6 24. Be3 Nxe3+ {Sroczynski,M (2247)-Salinas Herrera,P (2463) chess.com INT 2025 0-1 (35)}) ({RR} 10. Nb3 Be7 ({RR} 10... Rc8) 11. Bd2 Rc8 12. dxc5 Nxc5 13. Nxc5 Bxc5 14. Qa4+ Qd7 15. Qxd7+ Kxd7 16. Ne5+ Ke7 17. Nd3 Ba6 18. Nxc5 Rxc5 19. Rfc1 Rhc8 ({RR} 19... Bxe2 20. Rxc5 bxc5 21. Bxd5 exd5 22. Re1) 20. Rxc5 Rxc5 21. Bxd5 {½-½ (21) Epishin,V (2550)-Sorokin,M (2455) Minsk 1990 CBM 017 [Ftacnik,Lubomir]}) 10... Rc8 11. Bg5 Qc7 12. Rac1 b5 13. Ne3 Nxe3 14. Bxe3 c4 15. Rfd1 a6 16. Bf4 Bd6 17. Bxd6 Qxd6 18. e4 O-O 19. Ng5 Qe7 20. e5 Qxg5 21. Bxb7 Rb8 22. Be4 g6 23. Qc3 Qd8 24. b3 cxb3 25. axb3 Rc8 26. Qb4 Qb6 27. Ra1 Rfd8 28. Kg2 Nf8 29. Qa5 Qxa5 30. Rxa5 Rc3 31. Rxa6 Rxb3 32. d5 Rb4 33. Bf3 exd5 34. Bxd5 Kg7 35. Rd6 Re8 36. Re1 Re7 37. Re2 Rd4 38. f4 1/2-1/2

[Event "Titled Tue 11th Feb Early"]
[Site "chess.com INT"]
[Date "2025.02.11"]
[Round "9"]
[White "Andreikin, D."]
[Black "Svane, R."]
[Result "1-0"]
[WhiteElo "2695"]
[BlackElo "2621"]
[PlyCount "73"]
[EventDate "2025.02.11"]

1. d4 Nf6 2. c4 e6 3. Nf3 d5 4. Bg5 h6 5. Bxf6 Qxf6 6. e3 c6 7. Qc2 ({RR} 7. Nbd2 Nd7 8. Bd3 g5 9. h3 Bg7 10. e4 e5 11. O-O O-O 12. Re1 exd4 13. cxd5 cxd5 14. Rc1 Qd6 15. Bb1 d3 16. Bxd3 Rd8 17. exd5 Nb6 18. Nc4 Nxc4 19. Rxc4 Qxd5 20. Re8+ Rxe8 21. Bh7+ Kxh7 {Wang,Y (2739)-Topalov,V (2796) Nice 2009 0-1 (34)}) ({RR} 7. Nbd2 g6 8. g3 Bg7 9. Bg2 O-O 10. O-O Qe7 11. Rc1 b6 12. Qa4 Bb7 13. Ne5 c5 14. cxd5 exd5 15. Ndf3 Na6 16. Rfd1 Nc7 17. h4 Ne6 18. h5 gxh5 19. Re1 Rfc8 20. Rcd1 Nf8 21. Bh3 Rc7 {Gharibyan,M (2487)-Pasti,A (2388) Katowice POL 2026 ½-½ (123)}) ({RR} 7. Nbd2 g6 8. Bd3 Bg7 9. e4 O-O 10. e5 Qe7 11. c5 b6 12. b4 a5 13. a3 axb4 14. axb4 Rxa1 15. Qxa1 bxc5 16. bxc5 Ba6 17. Bxa6 Qa7 18. Ke2 Qxa6+ 19. Qxa6 Nxa6 20. Rb1 Ra8 21. Rb7 Nb8 {Andreikin,D (2695)-Materia,M (2489) chess.com INT 2025 1-0 (59)}) 7... Bb4+ 8. Nbd2 O-O 9. Bd3 dxc4 $146 ({RR} 9... Nd7 10. O-O e5 11. cxd5 cxd5 12. dxe5 Nxe5 13. Nxe5 Qxe5 14. Nf3 Qd6 15. Qb3 Be6 16. Nd4 Bc5 17. Nxe6 fxe6 18. Rad1 Qe5 19. Bb1 Bd6 20. g3 Rac8 21. Qd3 Qxb2 22. Qh7+ Kf7 23. Bg6+ Ke7 24. Rb1 {Riazantsev,A (2635)-Galopoulos,N (2429) Tallinn 2019 ½-½ (58)}) 10. Bxc4 Bxd2+ 11. Nxd2 e5 12. dxe5 Qxe5 13. O-O Nd7 14. Rae1 Qe7 15. f4 Nb6 16. f5 Nxc4 17. Qxc4 Qe5 18. f6 Be6 19. Qh4 Qg5 20. Qxg5 hxg5 21. Ne4 Bxa2 22. Rf5 Bd5 23. Nxg5 gxf6 24. Rxf6 Rae8 25. e4 Re5 26. h4 Rfe8 27. Ref1 Bxe4 28. Rxf7 Bd5 29. Rxb7 R8e7 30. Rb8+ Kg7 31. Rf4 Re2 32. Rg4 Kf6 33. Rf8+ Ke5 34. h5 Be6 35. Rg3 Bd5 36. h6 Re1+ 37. Kh2 1-0

[Event "FRA-chT Top 12"]
[Site "Brest"]
[Date "2018.05.27"]
[Round "2"]
[White "Laznicka, Viktor"]
[Black "Van Wely, Loek"]
[Result "1/2-1/2"]
[WhiteElo "2671"]
[BlackElo "2667"]
[Annotator "ChessBase II"]
[PlyCount "73"]
[EventDate "2018.05.26"]
[EventType "team-tourn"]
[EventRounds "11"]
[EventCountry "FRA"]
[SourceTitle "EXT 2019"]
[Source "ChessBase"]
[SourceDate "2018.10.10"]
[SourceVersion "1"]
[SourceVersionDate "2018.10.10"]
[SourceQuality "1"]
[WhiteTeam "Bois Colombes"]
[BlackTeam "Clichy Echecs 92"]
[WhiteTeamCountry "FRA"]
[BlackTeamCountry "FRA"]
[TimeControl "40/5400+30:1800+30"]

1. c4 {[%emt 0:02:43]} Nf6 {[%emt 0:02:29]} 2. Nf3 {[%emt 0:00:56]} e6 {[%emt 0:00:55]} 3. d4 {[%emt 0:00:17]} d5 {[%emt 0:00:16]} 4. e3 {[%emt 0:05:19]} a6 {[%emt 0:00:53]} 5. b3 {[%emt 0:00:49]} c5 {[%emt 0:00:37]} (5... dxc4 6. Bxc4 c5 7. O-O cxd4 8. Nxd4 Bd7 9. Bb2 Nc6 10. Nd2 Nxd4 11. Bxd4 Bc6 12. Be2 Bb4 13. Nc4 O-O 14. Bf3 Nd5 15. Bxd5 Bxd5 16. Qg4 g6 17. Nb6 f5 18. Qg3 Bd6 19. f4 Rb8 20. Rad1 Rf7 21. Nxd5 exd5 22. Qf3 Rc8 23. Qxd5 Bf8 24. Qxd8 Rxd8 25. Bb6 Re8 26. a4 Rc8 27. Rd3 Rc6 28. Ba5 Rc2 29. Rfd1 Bc5 30. R1d2 Rc1+ 31. Kf2 Re7 32. Bd8 Re8 33. Bf6 Bb4 34. Rd1 Rxd1 35. Rxd1 {Dreev,A (2653)-Rakhmanov,A (2635) Havana 2018 1-0}) 6. cxd5 {[%emt 0:00:23]} exd5 {[%emt 0:05:15]} 7. Be2 {[%emt 0:00:41]} cxd4 {[%emt 0:12:13]} 8. Nxd4 {[%emt 0:00:10]} Bd6 {[%emt 0:00:44]} 9. O-O {[%emt 0:00:16]} Qe7 {[%emt 0:00:51]} 10. Nd2 {[%emt 0:02:42]} Nc6 {[%emt 0:12:11]} 11. Bb2 {[%emt 0:02:33]} O-O {[%emt 0:02:17]} 12. N2f3 {[%emt 0:02:05]} Ne4 {[%emt 0:06:34]} 13. Rc1 $146 {[%emt 0:07:24]} (13. a3 Rd8 14. b4 a5 15. b5 Ne5 16. Nxe5 Qxe5 17. f4 Qe8 18. Bg4 Nc3 19. Qd3 Na4 20. Bxc8 Nxb2 21. Qb3 Raxc8 22. Qxb2 Qxe3+ 23. Kh1 Qc3 24. Qxc3 Rxc3 25. a4 Rc4 26. Nf5 Bf8 27. g3 g6 28. Ne3 Re4 29. Ng4 Bg7 30. Ra3 d4 31. Rd1 Rc8 32. Kg2 Re2+ 33. Kf3 Rec2 34. h3 R8c4 35. Rdd3 Rb4 36. Nf2 f5 37. Rdb3 Rc3+ 38. Rxc3 dxc3 39. Nd3 c2 40. Ra2 Rb3 41. Rxc2 Rxd3+ 42. Ke2 Rd7 {Farkas,L (2209)-Galyas,M (2412) Balatonalmadi 2012 0-1}) 13... Nxd4 $146 ({RR} 13... Bd7 14. Nxc6 bxc6 15. Qd4 f6 16. Bd3 Rfe8 17. Bxe4 Qxe4 18. Qxe4 Rxe4 19. Bd4 a5 20. Bc5 Bc7 21. Nd4 Ree8 22. Rc3 g5 23. Rfc1 Be5 24. f3 h5 25. g3 h4 26. g4 h3 27. R3c2 Kf7 28. Rf2 {Sivuk,V (2533)-Zhukenov,A (2178) Astana KAZ 2023 ½-½ (52)}) ({RR} 13... Bd7 14. Nxc6 bxc6 15. Qd4 f6 16. Bd3 Rfe8 17. Bxe4 Qxe4 18. Qxe4 Rxe4 19. Bd4 a5 20. Bc5 Bc7 21. Nd4 Ree8 22. Rc3 g5 23. Rfc1 Be5 24. f3 h5 25. g3 h4 26. g4 h3 27. R3c2 Kf7 28. Rf2 {Sivuk,V (2533)-Zhukenov,A (2178) Astana KAZ 2023 ½-½ (52)}) 14. Nxd4 Qe5 $1 {[%emt 0:13:51] Forçant un sérieux affaiblissement} 15. f4 {[%emt 0:03:43][%csl Re3]} Qf6 $15 {[%emt 0:00:41][%csl Re3]} 16. Bd3 {[%emt 0:03:28]} Qg6 {[%emt 0:02:46]} 17. Qe1 {[%emt 0:06:30]} Bh3 {[%emt 0:06:51]} 18. Rf2 {[%emt 0:01:20]} Rac8 {[%emt 0:08:42]} 19. Rfc2 {[%emt 0:15:51]} Rxc2 {[%emt 0:00:59]} 20. Rxc2 {[%emt 0:03:07]} Re8 {[%emt 0:02:26]} 21. Qa5 {[%emt 0:01:23]} Be6 {[%emt 0:06:58]} 22. Qb6 {[%emt 0:03:44]} (22. Ba3) 22... Bc8 {[%emt 0:01:47]} 23. Qa5 {[%emt 0:21:19]} Qh5 $1 {[%emt 0:02:28][%csl Rg1][%cal Gh5d1]} 24. Bxe4 {[%emt 0:03:36]} Qd1+ {[%emt 0:00:05]} 25. Kf2 {[%emt 0:00:05]} dxe4 {[%emt 0:00:05]} 26. Qc3 {[%emt 0:10:56]} Bf8 {[%emt 0:02:24]} 27. Rc1 {[%emt 0:00:46]} Qg4 {[%emt 0:01:07]} 28. Qc7 {[%emt 0:00:21]} h5 {[%emt 0:00:28]} 29. Ne2 {[%emt 0:00:28]} Be7 {[%emt 0:05:00]} 30. h3 {[%emt 0:00:12]} Qg6 {[%emt 0:01:06]} 31. Rd1 {[%emt 0:00:59]} Bh4+ {[%emt 0:00:25]} 32. Kf1 {[%emt 0:00:08]} Qf5 {[%emt 0:01:44]} 33. Be5 {[%emt 0:01:02]} Kh7 {[%emt 0:00:56]} 34. Nd4 {[%emt 0:01:05]} Qg6 {[%emt 0:00:11]} 35. Ne2 {[%emt 0:00:07]} Qf5 {[%emt 0:00:39]} 36. Nd4 {[%emt 0:00:47]} Qg6 {[%emt 0:00:34]} 37. Ne2 {[%emt 0:00:25]} 1/2-1/2

[Event "Capablanca Memorial Elite 44th"]
[Site "Havana"]
[Date "2009.06.11"]
[Round "4"]
[White "Khenkin, Igor"]
[Black "Timofeev, Artyom"]
[Result "1/2-1/2"]
[WhiteElo "2630"]
[BlackElo "2677"]
[PlyCount "74"]
[EventDate "2009.06.08"]
[EventType "tourn"]
[EventRounds "10"]
[EventCountry "CUB"]
[EventCategory "17"]
[SourceTitle "CBM 131"]
[Source "ChessBase"]
[SourceDate "2009.07.15"]
[SourceVersion "1"]
[SourceVersionDate "2009.07.15"]
[SourceQuality "1"]

1. d4 d5 2. c4 e6 3. Nf3 c6 4. Qc2 Nf6 5. g3 dxc4 6. Qxc4 b5 7. Qd3 Nbd7 8. Bg2 Bb7 9. Nfd2 ({RR} 9. O-O a6 10. a4 c5 11. dxc5 Bxc5 12. axb5 Be4 13. Qb3 Bd5 14. Qd3 Be4 15. Qb3 Bd5 16. Qd3 {½-½ (16) Graf,A (2646)-Lautier,J (2666) Plovdiv 2003}) ({RR} 9. O-O a6 10. a4 Be7 11. Nbd2 O-O 12. Nb3 Rc8 13. Bd2 c5 14. Ba5 Nb6 15. Bxb6 Qxb6 16. Nxc5 Bxc5 17. dxc5 Rxc5 18. a5 Qc7 19. Rfd1 Rd5 20. Nd4 Rd7 21. Rdc1 Qb8 22. Bxb7 Qxb7 23. Qf3 Nd5 {Schippel,G (2004)-Wais,M (1911) St Veit AUT 2024 0-1 (59)}) ({RR} 9. O-O a6 10. Nfd2 Qb6 11. a4 Rd8 12. Nb3 c5 13. Bxb7 Qxb7 14. axb5 axb5 15. dxc5 Nxc5 16. Qe3 Qd5 17. Na5 b4 18. Nd2 Bd6 19. Qf3 Ra8 20. Ndc4 Bc7 21. Be3 Qxf3 22. exf3 Nd3 23. Rfd1 Nxb2 {Burmakin,V (2508)-Khenkin,I (2603) Bad Wiessee 2005 1-0 (41)}) 9... Qb6 10. O-O $146 ({RR} 10. a4 c5 11. Bxb7 Qxb7 12. O-O bxa4 {½-½ (12) Kurajica,B (2517)-Cabrera Trujillo,J (2380) Tenerife 2009}) 10... c5 11. Bxb7 Qxb7 12. dxc5 Nxc5 13. Qf3 Qxf3 14. Nxf3 Nd5 15. Nd4 a6 16. Bd2 Be7 17. Nc3 Nxc3 18. Bxc3 Na4 19. Rac1 Bf6 20. e3 O-O 21. Bb4 Rfc8 22. b3 Bxd4 23. exd4 Nb6 24. Ba5 Nd5 25. Rc5 Rxc5 26. dxc5 Rc8 27. Rc1 Kf8 28. Be1 Ke7 29. b4 Kd7 30. a4 a5 31. c6+ Rxc6 32. Rxc6 Kxc6 33. axb5+ Kxb5 34. bxa5 Ne7 35. Bc3 f6 36. g4 Nc6 37. g5 fxg5 1/2-1/2

[Event "EU-Cup 37th"]
[Site "Mayrhofen"]
[Date "2022.10.08"]
[Round "6.3"]
[White "Deac, Bogdan Daniel"]
[Black "Idani, Pouya"]
[Result "1/2-1/2"]
[WhiteElo "2707"]
[BlackElo "2623"]
[PlyCount "73"]
[EventDate "2022.10.03"]
[EventType "team-swiss"]
[EventRounds "7"]
[EventCountry "AUT"]
[SourceTitle "EXT 2023"]
[Source "ChessBase"]
[SourceDate "2022.10.05"]
[SourceVersion "1"]
[SourceVersionDate "2022.10.05"]
[SourceQuality "1"]
[WhiteTeam "CSU ASE Superbet"]
[BlackTeam "Silla Valencia"]
[WhiteTeamCountry "ROU"]
[BlackTeamCountry "ESP"]

1. d4 {Ftacnik,Lubomir} Nf6 2. c4 e6 3. Nf3 d5 4. e3 c5 5. a3 dxc4 6. Bxc4 a6 ({RR} 6... Nbd7 7. O-O Be7 8. dxc5 Bxc5 9. b4 Be7 10. Bb2 O-O 11. Qe2 a5 12. b5 b6 13. Rd1 Bb7 14. Nbd2 Rc8 15. Rac1 Rc7 16. Ne5 Nxe5 17. Bxe5 Rd7 18. a4 Qa8 19. Bd4 Bxg2 20. f3 Bh3 21. Bxb6 {Ticona Rocabado,L (2431)-Acosta,P (2473) Rosario ARG 2026 0-1 (42)}) 7. Bd3 ({RR} 7. dxc5 Qxd1+ 8. Kxd1 Bxc5 9. b4 Bd6 10. Bb2 b5 11. Bd3 Nbd7 12. Nbd2 Bb7 13. Ke2 Ke7 {½-½ (13) Ribli,Z (2585)-Portisch,L (2630) Tilburg 1978 MCL [Ftacnik,Lubomir]}) 7... b5 $146 ({RR} 7... Nbd7 8. O-O Bd6 9. Qe2 Qc7 10. Re1 b5 11. a4 c4 12. Bc2 Bb7 13. e4 e5 14. axb5 axb5 15. Rxa8+ Bxa8 16. Nc3 Qb8 17. dxe5 Nxe5 18. Nd4 Bc5 19. Ncxb5 Neg4 20. e5 O-O 21. h3 Qb7 22. Qf1 {Kempinski,R (2585)-Kvetny,M (2265) Bad Wiessee 2013 1-0}) 8. Qe2 Nc6 9. dxc5 Bxc5 10. b4 Bd6 11. Bb2 O-O 12. Nbd2 Bb7 13. O-O Qe7 14. Rfd1 Rfd8 15. h3 h6 16. Rac1 Rac8 17. Bb1 Nb8 18. Rxc8 Rxc8 19. e4 e5 20. Nf1 Nbd7 21. Ng3 Bb8 22. Ba2 Nb6 23. Nf5 Qe8 24. Rd6 Nbd7 25. Bd5 Bxd5 26. exd5 Bxd6 27. Nxd6 Qf8 28. Nxc8 Qxc8 29. d6 e4 30. Nd4 Nb6 31. Nb3 Ne8 32. Qxe4 Nc4 33. Qd4 Ncxd6 34. Nc5 Nc4 35. a4 Nxb2 36. Qxb2 bxa4 37. Nxa4 1/2-1/2

[Event "Moscow Aeroflot op-A 9th"]
[Site "Moscow"]
[Date "2010.02.10"]
[Round "2"]
[White "Bu, Xiangzhi"]
[Black "Savchenko, Boris"]
[Result "1-0"]
[WhiteElo "2673"]
[BlackElo "2638"]
[PlyCount "73"]
[EventDate "2010.02.09"]
[EventType "swiss"]
[EventRounds "9"]
[EventCountry "RUS"]
[SourceTitle "CBM 135"]
[Source "ChessBase"]
[SourceDate "2010.03.17"]
[SourceVersion "1"]
[SourceVersionDate "2010.03.17"]
[SourceQuality "1"]

1. Nf3 d5 2. d4 c6 3. c4 e6 4. Bg5 Be7 5. Bxe7 Nxe7 6. Nbd2 ({RR} 6. e3 c5 7. dxc5 Qa5+ 8. Nbd2 Qxc5 9. cxd5 Qxd5 10. Bc4 Qf5 11. Nd4 Qa5 12. O-O O-O 13. Bd3 Nbc6 14. Nc4 Qg5 15. Nxc6 Nxc6 16. Be4 Qh4 17. Qf3 Bd7 18. Rfd1 Rad8 19. Nd6 f5 20. Bc2 Be8 {Bacrot,E (2729)-Tregubov,P (2607) Corsica 2005 ½-½ (54)}) ({RR} 6. e3 O-O 7. Nc3 b6 8. cxd5 cxd5 9. Rc1 a6 10. Bd3 Nbc6 11. O-O Bd7 12. Qe2 f6 13. h3 Nb4 14. Bb1 Be8 15. e4 Bg6 16. Rfe1 Rf7 17. exd5 exd5 18. a3 Nbc6 19. Bxg6 hxg6 20. Qe6 Rc8 {Le,Q (2709)-Savchenko,B (2552) Chess.com INT 2021 1-0 (36)}) 6... Qa5 ({RR} 6... O-O 7. g3 Nd7 8. Bg2 c5 9. cxd5 Nxd5 10. O-O b6 11. e4 N5f6 12. e5 Nd5 13. Ne4 cxd4 14. Qxd4 Ba6 15. Rfd1 Qe7 16. h4 Rfd8 17. Re1 Rac8 18. Nd6 Rc2 19. Ng5 h6 20. Qe4 hxg5 21. Qxc2 {Pagan,J (2178)-Khalafvand,D (1985) chess.com INT 2025 0-1 (34)}) 7. e3 O-O $146 ({RR} 7... c5 8. cxd5 Nxd5 9. dxc5 O-O 10. Qc2 Bd7 11. Nd4 Rc8 12. N4b3 Qa4 13. Qc4 b5 14. Qe4 f5 15. Qb1 Qg4 16. Qd1 Qg6 17. Rc1 a5 18. Nd4 Nc6 19. N2f3 f4 20. e4 Qxe4+ 21. Be2 Ndb4 22. Nxb5 {Richter,C (2366)-Kuijf,M (2401) Netherlands 2014 0-1 (37)}) ({RR} 7... Nd7 8. a3 O-O 9. b4 Qd8 10. c5 Ng6 11. Bd3 Qf6 12. O-O e5 13. Bxg6 fxg6 14. dxe5 Nxe5 15. Nxe5 Qxe5 16. Nf3 Qe4 17. Qd4 Qe7 18. Ne5 Qg5 19. f4 Qh4 20. b5 Qf6 21. a4 Rd8 22. bxc6 {Harutyunyan,G-Mico Cebolla,A Cullera 2009 1-0 (31)}) 8. Qc2 c5 9. cxd5 cxd4 10. dxe6 Bxe6 11. Nxd4 Nbc6 12. Nxe6 fxe6 13. Bc4 Nd5 14. O-O Ne5 15. Qe4 Nf6 16. Bxe6+ Kh8 17. Nc4 Nxc4 18. Qxc4 Rae8 19. Rad1 Qe5 20. Bd5 Nxd5 21. Rxd5 Qxb2 22. Rb5 Qf6 23. Rxb7 a5 24. Rc7 Rd8 25. h3 Rd2 26. Rc8 h6 27. Rxf8+ Qxf8 28. a4 Rb2 29. Qd5 Qb4 30. Rc1 Qf8 31. f4 Qe8 32. Kh2 Kh7 33. Rc6 Rb8 34. Qf5+ Kh8 35. Re6 Qxa4 36. Qe5 Qb3 37. Rg6 1-0

[Event "RUS-ch Higher League 61st"]
[Site "Novokuznetsk"]
[Date "2008.09.10"]
[Round "7"]
[White "Grachev, Boris V"]
[Black "Galkin, Alexander"]
[Result "0-1"]
[WhiteElo "2640"]
[BlackElo "2615"]
[PlyCount "72"]
[EventDate "2008.09.03"]
[EventType "swiss"]
[EventRounds "11"]
[EventCountry "RUS"]
[SourceTitle "CBM 126"]
[Source "ChessBase"]
[SourceDate "2008.10.01"]
[SourceVersion "1"]
[SourceVersionDate "2008.10.01"]
[SourceQuality "1"]

1. d4 d5 2. c4 c6 3. Nf3 e6 4. Qc2 Nf6 5. Bg5 h6 6. Bh4 dxc4 7. Qxc4 b5 8. Qc2 Bb7 9. e4 ({RR} 9. e3 Nbd7 10. Bd3 Rc8 11. Qe2 b4 12. O-O c5 13. a3 cxd4 14. exd4 Qa5 15. Nbd2 bxa3 16. bxa3 Be7 17. Rab1 Bxf3 18. Nxf3 O-O 19. Rb7 Qxa3 20. d5 Nc5 21. Rxe7 Nxd3 22. Bxf6 gxf6 23. Rb7 Rc1 {Izoria,Z (2593)-Ivanchuk,V (2715) Yerevan 2004 0-1 (68)}) ({RR} 9. e3 Nbd7 10. Be2 Be7 11. O-O O-O 12. Nc3 Rc8 13. Rfd1 a6 14. a4 b4 15. Ne4 Nxe4 16. Bxe7 Qxe7 17. Qxe4 Nf6 18. Qe5 c5 19. Rac1 Nd7 20. Qf4 a5 21. Bb5 Nf6 22. Ne5 Nd5 23. Qg4 cxd4 {Zakhartsov,V (2559)-Grachev,B (2601) Krasnoyarsk 2007 ½-½ (34)}) 9... Nbd7 10. Nbd2 a6 $146 ({RR} 10... Rc8 11. Be2 c5 12. d5 exd5 13. e5 g5 14. Bg3 Ne4 15. Bxb5 Bg7 16. Nxe4 dxe4 17. O-O-O Bc6 18. Bxc6 Rxc6 19. Qxe4 Qc8 20. h4 gxh4 21. Nxh4 c4 22. Nf5 Kf8 23. Qg4 Rg6 24. Qd4 {1-0 (24) Drozdovskij,Y (2454)-Galkin,A (2598) chessassistantclub.com INT 2004}) ({RR} 10... Qb6 11. Be2 c5 12. a4 a6 13. axb5 axb5 14. Rxa8+ Bxa8 15. O-O Be7 16. dxc5 Nxc5 17. b4 Ncxe4 18. Qc8+ Qd8 19. Bxb5+ Kf8 20. Qxd8+ Bxd8 21. Ra1 Bd5 22. Nxe4 Bxe4 23. Ne5 g5 24. Bg3 Bb6 25. Ra6 {Vitiugov,N (2596)-Stellwagen,D (2576) Yerevan 2006 1-0 (70)}) 11. a4 Bb4 12. Be2 c5 13. O-O Qb6 14. Bxf6 gxf6 15. dxc5 Nxc5 16. axb5 axb5 17. Rxa8+ Bxa8 18. Nd4 Ke7 19. Nxb5 Bxd2 20. Qxd2 Nxe4 21. Qf4 Rd8 22. Nc3 e5 23. Qxh6 Nd2 24. Ra1 Qxb2 25. Ra7+ Bb7 26. Qe3 Qc1+ 27. Bd1 Rd7 28. h3 Rc7 29. Ra2 Nf3+ 30. gxf3 Rxc3 31. Qe1 Bxf3 32. Rd2 Rd3 33. Kf1 Qxd2 34. Qxd2 Rxd2 35. Bxf3 f5 36. Ke1 Rb2 0-1

[Event "EU-chT (Men) 18th"]
[Site "Porto Carras"]
[Date "2011.11.06"]
[Round "4.2"]
[White "Meier, Georg"]
[Black "Eljanov, Pavel"]
[Result "1-0"]
[WhiteElo "2659"]
[BlackElo "2691"]
[Annotator "ChessBase"]
[PlyCount "71"]
[EventDate "2011.11.03"]
[EventType "team-swiss"]
[EventRounds "9"]
[EventCountry "GRE"]
[SourceTitle "CBM 146"]
[Source "ChessBase"]
[SourceDate "2012.01.18"]
[SourceVersion "1"]
[SourceVersionDate "2012.01.18"]
[SourceQuality "1"]
[WhiteTeam "Germany"]
[BlackTeam "Ukraine"]
[WhiteTeamCountry "GER"]
[BlackTeamCountry "UKR"]

1. c4 c6 2. d4 d5 3. Nf3 Nf6 4. e3 e6 5. b3 Ne4 6. Bd3 Bd6 7. O-O Qe7 8. Bb2 Nd7 9. Nc3 f5 10. Ne2 O-O $146 ({RR} 10... Qf6 11. Bc2 g5 12. Ne1 Qh6 13. f4 g4 14. Nd3 O-O 15. Ne5 Qg7 16. Bxe4 fxe4 17. Ng3 Nxe5 18. dxe5 Be7 19. Nh5 Qg6 20. Nf6+ Bxf6 21. exf6 Kf7 22. f5 exf5 23. cxd5 cxd5 24. Qxd5+ Be6 25. Qxb7+ {Aliyev,R (2352)-Aigner,M (1987) chess.com INT 2024 1-0 (47)}) ({RR} 10... Qf6 11. Bc2 g5 12. Ne1 Qh6 13. f4 g4 14. Nd3 O-O 15. Ne5 Qg7 16. Bxe4 fxe4 17. Ng3 Nxe5 18. dxe5 Be7 19. Nh5 Qg6 20. Nf6+ Bxf6 21. exf6 Kf7 22. f5 exf5 23. cxd5 cxd5 24. Qxd5+ Be6 25. Qxb7+ {Aliyev,R (2352)-Aigner,M (1987) chess.com INT 2024 1-0 (47)}) 11. h4 b6 12. Nf4 Bb7 13. Qe2 a5 14. a4 Rf6 15. g3 Rh6 16. Kg2 c5 17. cxd5 exd5 18. Rh1 Nf8 19. Ne5 cxd4 20. exd4 Bxe5 21. dxe5 Ng6 22. h5 Nxe5 23. f3 d4 24. Bc4+ Nxc4 25. Qxc4+ Kh8 26. Rhe1 Rc8 27. Qd3 Rd8 28. Rad1 Qg5 29. fxe4 fxe4 30. Qe2 Rhd6 31. Kh2 e3 $2 {and now we have some interesting backrank play.} 32. Qc4 (32. Bxd4 Rxd4 33. Rxd4 Rxd4 34. Qxe3 Re4 {to stop the backrank mate.} 35. Ng6+ $1 {would have won the game outright.}) 32... Qe5 $2 33. Qf7 (33. Qc7 Qe4 34. Rxe3 Qxe3 ({the pawn in pinned:} 34... dxe3 35. Qxg7#) 35. Bxd4 {wins because} Rxd4 {leads to mate:} 36. Qxd8+ Rxd8 37. Rxd8+ Qe8 38. Rxe8#) 33... R6d7 34. Qe6 Qc5 35. Rxe3 dxe3 36. Rxd7 {and mate to follow.} 1-0